| 000 | 01039nam a22002897a 4500 | ||
|---|---|---|---|
| 001 | BD-DhSAU | ||
| 003 | BD-DhSAU | ||
| 005 | 20260429160344.0 | ||
| 008 | 260429b2005 bg ||||| m||| 00| 0 eng d | ||
| 040 | _aBD-DhSAU | ||
| 082 |
_222 _a634.9 _bT1568 |
||
| 100 |
_aSULTANA, TANIA _eRegistration No. # 06-02126 |
||
| 245 |
_aBiochar: an amendment approach for tomato
cultivation in problem soils /
_bphd thesis |
||
| 260 |
_aSher-e-Bangla Agricultural University, Dhaka, _bDepartment of Agroforestry and Environmental Science, _c2023. |
||
| 300 |
_axii 278p. ; _c30 cm. |
||
| 500 | _aPhd thesis of Department of Agroforestry and Environmental Science,, Sher-e-Bangla Agricultural University, Dhaka,, | ||
| 504 | _aIncludes bibliographical reference. | ||
| 590 | _aNazmul | ||
| 650 | _aBiochar: | ||
| 651 | _aamendment approach | ||
| 654 | _atomato cultivation | ||
| 655 | _asoils | ||
| 700 |
_4Chairman _aProf. Dr. Nazmun Naher |
||
| 710 |
_4Member, _aDr. Md. Farhad Hossain |
||
| 942 |
_2ddc _cPHD |
||
| 999 |
_c18338 _d18337 |
||